000 01353nam a2200349Ia 4500
001 9780203066805
003 BD-DhSAU
005 20151012151720.0
006 a|||||s|||||||||||
007 cr||||
008 130715s2013 enk sb 001 0 eng d
020 _a9780203066805 (e-book : PDF)
040 _aBD-DhSAU
_cBD-DhSAU
090 _aHD31
_b.C748 2013
092 _a658.30089
_bC951
245 0 0 _aCross-cultural management
_h[electronic resource] :
_bculture and management across the world /
_cedited by Jean-Franðcois Chanlat, Eduardo Davel and Jean-Pierre Dupuis.
260 _aLondon ;
_aNew York :
_bRoutledge,
_c2013.
300 _axiv, 296 p.
504 _aIncludes bibliographical references and index.
505 0 _apt. 1. Approaches -- pt. 2. Issues -- pt. 3. Practices.
530 _aAlso available in print edition.
538 _aMode of access: World Wide Web.
650 0 _aManagement
_vCross-cultural studies.
650 0 _aInternational business enterprises
_xPersonnel management.
650 0 _aIntercultural communication.
655 7 _aElectronic books.
_2lcsh
700 1 _aChanlat, Jean-Franðcois,
_d1950-
700 1 _aDavel, Eduardo.
700 1 _aDupuis, Jean-Pierre.
776 1 _z9780415688161 (hardback)
_z9780415688185 (pbk.)
856 4 0 _uhttp://www.tandfebooks.com/isbn/9780203066805
999 _c12623
_d12622